Studies in the Theory and Method of New Testament Textual Criticsm (Record no. 19694)

MARC details
000 -LEADER
fixed length control field 00381nam a22001337a 4500
020 ## - INTERNATIONAL STANDARD BOOK NUMBER
ISBN 9780802824301
082 ## - DEWEY DECIMAL CLASSIFICATION NUMBER
Classification number 225.6 EPP
100 ## - MAIN ENTRY--AUTHOR NAME
Author name Epp, Eldon Jay
245 ## - TITLE STATEMENT
Title Studies in the Theory and Method of New Testament Textual Criticsm
260 ## - PUBLICATION, DISTRIBUTION, ETC. (IMPRINT)
Place of publication Michigan
Name of publisher William B. Eerdmans Publicshing Company
Year of publication 1993
300 ## - PHYSICAL DESCRIPTION
Number of Pages 414
650 ## - SUBJECT ADDED ENTRY--TOPICAL TERM
Topical Term Bible New Testament-Chricism
942 ## - ADDED ENTRY ELEMENTS (KOHA)
Koha item type Books
Holdings
Home library Current library Date acquired Source of acquisition Cost, normal purchase price Full call number Accession Number Koha item type
Henry Martyn Institute Library Henry Martyn Institute Library 09/09/2015 Dr. Andreas D' souza 0.00 225.6 EPP 11-2444 General Stack Book
                   Copyright © 2026 | Henry Martyn Institute | Hyderabad | TS-500052 | INDIA | Implemented by hmi.edu.in
Hit-Count:

Powered by Koha